[Event "Portuguese Honra"]
[Site "Vila Nova de Gaia POR"]
[Date "2011.06.05"]
[Round "1.3"]
[White "Aguiar,H"]
[Black "Margarido,J"]
[Result "0-1"]
[WhiteElo "1897"]
[BlackElo "1831"]

1.e4 c5 2.Nf3 d6 3.Bb5+ Bd7 4.Bxd7+ Qxd7 5.O-O Nc6 6.c3 Nf6 7.Re1 e6 8.d4 cxd4
9.cxd4 d5 10.e5 Ne4 11.Nbd2 Nxd2 12.Bxd2 Be7 13.Bc3 O-O 14.Qd2 b5 15.Qd3 Rfc8
16.Rac1 Qb7 17.h3 Rc7 18.a3 Rac8 19.Bd2 Qb6 20.Red1 a5 21.h4 a4 22.Bg5 Bf8
23.h5 Na5 24.Rxc7 Qxc7 25.Qxb5 Nc4 26.Qxa4 Nxb2 27.Qb3 Nxd1 28.Qxd1 Bxa3
29.Qb3 Be7 30.Be3 Rb8 31.Qa4 f5 32.Qa6 Qb6 33.Qa4 Qc7 34.Qa6 Qd7 35.Kh1 h6
36.Kg1 Rf8 37.g3 Rc8 38.Kg2 Kh7 39.Qb6 Rc6 40.Qb5 Rc7 41.Qb6 Rc8 42.Qa6 Rf8
43.Bf4 g6 44.hxg6+ Kxg6 45.Qb6 Bg5 46.Qb4 Qe7 47.Qd2 Rg8 48.Qc1 Kh7 49.Qd2 Rg6
50.Qc1 Qg7 51.Be3 Qe7 52.Bd2 Rg8 53.Be3 Qg7 54.Bd2 Bxd2 55.Qxd2 Qg4 56.Qc2 Kh8
57.Qc1 Kh7 58.Qc2 Rg7 59.Qb1 Qe4 60.Qb6 f4 61.Qxe6 fxg3 62.Qc8 gxf2+ 63.Kxf2 Rf7
64.Qh3 Qxd4+ 65.Kg2 Rg7+ 66.Kf1 Qg4 67.Qh1 Ra7 68.Ke2 Ra2+ 69.Kd3 Qe4+ 70.Kc3 Rc2+  0-1

[Event "3rd Orissa Open"]
[Site "Bhubaneswar IND"]
[Date "2011.06.06"]
[Round "11"]
[White "Girinath,P"]
[Black "Ashwin,J"]
[Result "1-0"]
[WhiteElo "2377"]
[BlackElo "2439"]

1.e4 c5 2.Nf3 d6 3.Bb5+ Nd7 4.d4 cxd4 5.Qxd4 a6 6.Bxd7+ Bxd7 7.c4 b5 8.Nc3 bxc4
9.Qxc4 Nf6 10.O-O e6 11.Bg5 Be7 12.Rad1 Qb6 13.Qe2 h6 14.Bh4 g5 15.Bg3 e5
16.Rd3 Rb8 17.b3 Rc8 18.Nd2 Bg4 19.Qe1 Be6 20.Nd5 Nxd5 21.exd5 Bf5 22.Re3 O-O
23.Nc4 Qd4 24.Qe2 g4 25.Rd1 Qc5 26.Bxe5 dxe5 27.Rxe5 Rce8 28.Rxf5 Kh8 29.Re5 Kh7
30.Re1 Bh4 31.Rxe8 Rxe8 32.Qc2+ Kg7 33.Rxe8 Qd4 34.Qb2  1-0

[Event "FSIM June"]
[Site "Budapest HUN"]
[Date "2011.06.11"]
[Round "8"]
[White "Chen Yang"]
[Black "Szalanczy,E"]
[Result "0-1"]
[WhiteElo "2081"]
[BlackElo "2276"]

1.e4 c5 2.Nf3 d6 3.Bb5+ Nd7 4.d4 Nf6 5.O-O a6 6.Bxd7+ Qxd7 7.Re1 cxd4 8.Qxd4 e5
9.Qd3 Qc6 10.c4 Be6 11.b3 b5 12.cxb5 Qxb5 13.Qxb5+ axb5 14.Nc3 Rb8 15.Bg5 b4
16.Bxf6 gxf6 17.Nd5 f5 18.Rad1 Be7 19.exf5 Bxf5 20.Nd4 Bd7 21.Nc2 Bd8 22.f4 f6
23.Ncxb4 O-O 24.Nc2 Bg4 25.Rd3 exf4 26.Nxf4 Bb6+ 27.Kh1 Bf5 28.Rg3+ Kh8 29.Ne3 Be4
30.Nc4 d5 31.Nxb6 Rxb6 32.h3 Rc6 33.Rd1 Rc2 34.a4 f5 35.Kh2 Rf2 36.Nxd5 f4
37.Rg4 h5 38.Rg5 Rf5 39.Rxf5 Rxg2+ 40.Kh1 Rd2+  0-1

[Event "Teplice Open"]
[Site "Teplice CZE"]
[Date "2011.06.12"]
[Round "2"]
[White "Vrchotka,J"]
[Black "Jedlicka,A"]
[Result "0-1"]
[WhiteElo "2017"]
[BlackElo "2288"]

1.e4 c5 2.Nf3 d6 3.Bb5+ Nc6 4.O-O Bd7 5.c3 Nf6 6.Re1 e5 7.Na3 Be7 8.d4 cxd4
9.cxd4 O-O 10.d5 Nb4 11.Bf1 Bg4 12.Qb3 Na6 13.Bxa6 bxa6 14.Qd3 Rc8 15.h3 Bh5
16.Qxa6 Bxf3 17.gxf3 Nh5 18.Qf1 f5 19.Be3 fxe4 20.fxe4 Rf6 21.Rac1 Rb8 22.Nc4 Qd7
23.b3 Rg6+ 24.Kh1 Rf8 25.Kh2 Bh4 26.Qe2 Ng3 27.Qc2 Rf3 28.Kg2 Qf7 29.Nxe5 dxe5
30.Qc8+ Qf8 31.Qxf8+ Rxf8 32.fxg3 Rxg3+ 33.Kh2 Rff3 34.Bg1 Rxh3+ 35.Kg2 Bxe1
36.Rxe1 Rhg3+ 37.Kh2 Rg6 38.Bxa7 Ra6 39.Bc5 Rxa2+ 40.Kg1 Rxb3 41.Rd1 Rg3+
42.Kh1 Rh3+ 43.Kg1 Rah2 44.Kf1 Rc2 45.d6 Rxc5 46.d7 Rh1+  0-1

[Event "Voronezh Master Open"]
[Site "Voronezh RUS"]
[Date "2011.06.12"]
[Round "1.32"]
[White "Dogodkina,J"]
[Black "Gusarov,G"]
[Result "1-0"]
[WhiteElo "2120"]
[BlackElo "2381"]

1.e4 c5 2.Nf3 d6 3.Bb5+ Nc6 4.c3 Nf6 5.d4 cxd4 6.Nxd4 Bd7 7.Qe2 e5 8.Nc2 a6
9.Bc4 b5 10.Bd3 Be7 11.Bg5 Ng4 12.Bxe7 Qxe7 13.Nd2 O-O 14.h3 Nf6 15.Ne3 Be6
16.g4 Nd7 17.b4 Nb6 18.Qf3 Qc7 19.O-O Ne7 20.Rfc1 d5 21.Nb3 Rad8 22.Nc5 Bc8
23.a4 bxa4 24.Nxa6 Bxa6 25.Bxa6 Qa7 26.Bb5 d4 27.Nf5 dxc3 28.Qxc3 Nxf5 29.exf5 Rd4
30.Qc5 Rd5 31.Qc6 Qb8 32.Ba6 Rd6 33.Qb7 Qd8 34.Bf1 h5 35.b5 hxg4 36.hxg4 Rd4
37.Be2 Nd5 38.Rc4 Nf4 39.Qf3 Rd2 40.Bf1 Nd3 41.Rcxa4 Nxf2 42.Ra8 Qb6 43.Rxf8+ Kxf8
44.Ra8+ Ke7 45.Qa3+ Kd7 46.Ra7+ Kc8 47.Qf8+ Rd8 48.Ra8+ Kb7 49.Qxd8 Nh3+
50.Kh2 Qg1+ 51.Kxh3 Qxf1+ 52.Kg3 Qf4+ 53.Kg2 Qxg4+ 54.Kf2 Qxf5+ 55.Ke3 Qf4+
56.Ke2 Qc4+ 57.Kd2 Qf4+ 58.Kc3  1-0

[Event "Voronezh FIDE Open"]
[Site "Voronezh RUS"]
[Date "2011.06.12"]
[Round "1.16"]
[White "Lugovskoy,M"]
[Black "Egorova,Ayyyna"]
[Result "1-0"]
[WhiteElo "2198"]
[BlackElo "1882"]

1.e4 c5 2.Nf3 d6 3.Bb5+ Nd7 4.d4 cxd4 5.Qxd4 Qa5+ 6.Nc3 a6 7.Bxd7+ Bxd7 8.O-O Nf6
9.Bg5 e5 10.Qd3 Qd8 11.Nd5 Be7 12.Bxf6 Bxf6 13.Rad1 Bc6 14.Rfe1 Bxd5 15.Qxd5 Be7
16.Qxb7 Rb8 17.Qc6+ Kf8 18.Nxe5 Rxb2 19.Nd7+ Ke8 20.Nc5+ Kf8 21.e5 g6 22.exd6 Bf6
23.d7 Kg7 24.Nb7 Qa8 25.Re8 Qxb7 26.Qxf6+  1-0

[Event "Voronezh FIDE Open"]
[Site "Voronezh RUS"]
[Date "2011.06.12"]
[Round "1.11"]
[White "Najdin,Danil"]
[Black "Kapustin,Alexandr"]
[Result "0-1"]
[WhiteElo "1901"]
[BlackElo "2228"]

1.e4 c5 2.Nf3 d6 3.Bb5+ Bd7 4.Bxd7+ Qxd7 5.O-O Nc6 6.Nc3 g6 7.d3 Bg7 8.Ne1 e6
9.f4 Nge7 10.Nf3 O-O 11.Qe1 Nd4 12.Rf2 Rac8 13.g4 b5 14.Nd1 b4 15.c3 Ndc6
16.Ne3 a5 17.Bd2 Rb8 18.Rg2 d5 19.Qh4 bxc3 20.bxc3 d4 21.cxd4 Nxd4 22.Nxd4 Qxd4
23.Re1 Nc6 24.f5 Ne5 25.Rg3 Nxd3 26.Rh3 h6 27.Rf1 g5 28.Qh5 Nf4 29.Rxf4 gxf4
30.g5 Rb1+ 31.Kg2 Qxd2+  0-1

[Event "35th Open"]
[Site "Fourmies FRA"]
[Date "2011.06.13"]
[Round "6.14"]
[White "Lebon,J"]
[Black "Ribeiro,Ro"]
[Result "0-1"]
[WhiteElo "1974"]
[BlackElo "2183"]

1.e4 c5 2.Nf3 d6 3.Bb5+ Nd7 4.c3 a6 5.Ba4 b5 6.Bc2 Bb7 7.d4 Ngf6 8.Nbd2 Qc7
9.O-O e6 10.Re1 Be7 11.Nf1 Nb6 12.Ng3 Rc8 13.Bd3 Nfd7 14.Nh5 Bf8 15.e5 dxe5
16.Nxe5 Nxe5 17.Rxe5 Nd7 18.Re1 cxd4 19.Bf4 Qd8 20.cxd4 g6 21.Ng3 Bg7 22.Bd6 Qb6
23.Bc5 Nxc5 24.dxc5 Rxc5 25.Ne4 Bxe4 26.Bxe4 Bxb2 27.Rb1 Bg7 28.a4 O-O 29.Qe2 Rfc8
30.Qf3 Rc3 31.Qe2 b4 32.Red1 b3 33.Rf1 Bd4 34.Qd2 a5 35.h4 Qc5 36.Rbd1 Bf6
37.Qf4 Qe5 38.Qg4 h5 39.Qe2 Bxh4 40.Rfe1 Bf6 41.Qa6 Qc7 42.Rb1 Rd8 43.Qb5 Rb8
44.Qa6 b2 45.Bxg6 fxg6 46.Qxe6+ Qf7 47.Qd6 Rd8 48.Qb6 Rcd3 49.Qxa5 Bc3  0-1

[Event "35th Open"]
[Site "Fourmies FRA"]
[Date "2011.06.13"]
[Round "7.6"]
[White "Cappon,J"]
[Black "Cossin,S"]
[Result "1/2-1/2"]
[WhiteElo "2251"]
[BlackElo "2508"]

1.e4 c5 2.Nf3 d6 3.Bb5+ Nd7 4.O-O Nf6 5.Re1 a6 6.Bf1 b6 7.c3 Bb7 8.d3 e5
9.Nbd2 Be7 10.a3 O-O 11.Nc4 b5 12.Ne3 Re8 13.Nf5 Bf8 14.Ng3 Qc7 15.Bg5 d5
16.Nd2 d4 17.c4 Re6 18.Bxf6 Rxf6 19.Ne2 Nb6 20.Rc1 g6 21.cxb5 axb5 22.f4 Bh6
23.Nf3 Bxf4 24.Nxf4 Rxf4 25.Be2 Qe7 26.Qd2 Nd7 27.Rf1 Kg7 28.b4 Rxa3 29.bxc5 Bc6
30.Rf2 Rf6 31.Qb2 Ra8 32.Bd1 h6 33.h3 Ra7 34.Qb4 Qd8 35.Bb3 Qa5 36.Qxa5 Rxa5
37.Bd5 Ra3 38.Nxd4 Rxf2 39.Kxf2 exd4 40.Bxc6 Rc3 41.Rd1 Ne5 42.Bxb5 Rxc5
43.Rb1 Rc3 44.Ke2 Rc2+ 45.Kf1 Kf6 46.Rb4 Kg5 47.Rxd4 Kf4 48.Rd5  1/2-1/2

[Event "35th Open"]
[Site "Fourmies FRA"]
[Date "2011.06.13"]
[Round "7.5"]
[White "Shirazi,K"]
[Black "Edouard,R"]
[Result "0-1"]
[WhiteElo "2369"]
[BlackElo "2602"]

1.e4 c5 2.Nf3 d6 3.Bb5+ Nd7 4.d4 cxd4 5.Qxd4 a6 6.Bxd7+ Bxd7 7.c4 Nf6 8.Nc3 g6
9.O-O Bg7 10.Bg5 O-O 11.Rfe1 h6 12.Bh4 Rc8 13.Qd3 Be6 14.Nd5 Nxd5 15.exd5 Bf5
16.Qe2 Re8 17.Rad1 Qa5 18.Nd4 Qxa2 19.Nxf5 gxf5 20.Qf3 e6 21.dxe6 fxe6 22.b3 b5
23.g4 bxc4 24.Rxe6 Rxe6 25.Qd5 Qe2 26.gxf5 Qe4  0-1

[Event "DJEM U18"]
[Site "Oberhof GER"]
[Date "2011.06.14"]
[Round "4.10"]
[White "Wittke,R"]
[Black "Wendling,F"]
[Result "1-0"]
[WhiteElo "2033"]
[BlackElo "1966"]

1.e4 c5 2.Nf3 d6 3.Bb5+ Bd7 4.Bxd7+ Qxd7 5.O-O Nc6 6.c4 e6 7.d4 cxd4 8.Nxd4 Nxd4
9.Qxd4 Nf6 10.Nc3 Be7 11.b3 O-O 12.Bb2 Rfd8 13.Rad1 Qc6 14.Kh1 a6 15.a4 Ne8
16.f4 Bf6 17.Qe3 Qc5 18.Qxc5 dxc5 19.e5 Be7 20.a5 Rab8 21.Na4 Rdc8 22.Rd7 Bd8
23.Bc3 b5 24.axb6 Bxb6 25.Rfd1 Rc6 26.Re7 f5 27.exf6 Nxf6 28.Be5 Rf8 29.Rdd7 Nxd7
30.Rxg7+ Kh8 31.Rxd7+  1-0

[Event "Teplice Open"]
[Site "Teplice CZE"]
[Date "2011.06.14"]
[Round "4"]
[White "Popelka,Pavel"]
[Black "Seliger,B"]
[Result "1-0"]
[WhiteElo "1993"]
[BlackElo "1837"]

1.e4 c5 2.Nf3 d6 3.Bb5+ Bd7 4.Qe2 a6 5.Bxd7+ Nxd7 6.O-O g6 7.e5 dxe5 8.Nxe5 Bg7
9.Ng4 Ngf6 10.d3 Nxg4 11.Qxg4 O-O 12.Nc3 Re8 13.Bd2 Nf6 14.Qf3 b5 15.Rad1 Qc7
16.Bf4 e5 17.Bg5 Nd7 18.Rfe1 Rad8 19.Nd5 Qd6 20.c4 h6 21.Bc1 f5 22.Qh3 Kh7
23.b3 b4 24.f4 e4 25.dxe4 Rxe4 26.Rxe4 fxe4 27.f5 Bd4+ 28.Kh1 e3 29.fxg6+ Kg7
30.Nxe3 Rf8 31.Nf5+  1-0

[Event "Voronezh FIDE Open"]
[Site "Voronezh RUS"]
[Date "2011.06.14"]
[Round "3.13"]
[White "Soboleva,A"]
[Black "Kapustin,Alexandr"]
[Result "0-1"]
[WhiteElo "1786"]
[BlackElo "2228"]

1.e4 c5 2.Nf3 d6 3.Bb5+ Bd7 4.Bxd7+ Qxd7 5.c4 Nc6 6.d4 cxd4 7.Nxd4 Nf6 8.Nc3 g6
9.Be3 Bg7 10.O-O O-O 11.f3 a6 12.a4 e6 13.b3 Rfd8 14.Nde2 Qc7 15.Qd2 Na5
16.Rab1 Rac8 17.Rfc1 Nc6 18.Nb5 Qe7 19.Nbd4 Ne5 20.Rd1 d5 21.Bf4 Nh5 22.exd5 exd5
23.cxd5 Rxd5 24.Kh1 Nxf4 25.Nxf4 Rd7 26.Qa5 Rcd8 27.Nfe2 Nc6  0-1

[Event "Voronezh FIDE Open"]
[Site "Voronezh RUS"]
[Date "2011.06.14"]
[Round "3.9"]
[White "Lugovskoy,M"]
[Black "Golovchanov,A"]
[Result "1-0"]
[WhiteElo "2198"]
[BlackElo "2073"]

1.e4 c5 2.Nf3 d6 3.Bb5+ Bd7 4.Bxd7+ Qxd7 5.O-O Nc6 6.c3 Nf6 7.d4 Nxe4 8.d5 Ne5
9.Re1 Nf6 10.Nxe5 dxe5 11.Rxe5 e6 12.c4 O-O-O 13.Nc3 Bd6 14.Re1 exd5 15.Nxd5 Qf5
16.Be3 Rhe8 17.h3 Qe5 18.g3 Nxd5 19.cxd5 Qf5 20.Kg2 Qe4+ 21.f3 Qg6 22.Bf2 Kb8
23.Qa4 Re5 24.Rxe5 Bxe5 25.Rd1 b6 26.Qb3 Qd6 27.a4 Kb7 28.a5 h5 29.Qa4 Qd7
30.Qe4 Qd6 31.Qc4 Ra8 32.Qb5 g6 33.a6+ Kc7 34.b4 cxb4 35.Rc1+ Bc3 36.Be3 Kd8
37.Bg5+ f6 38.Bf4 Qc5 39.Qd3 f5 40.Qe2 Qe7 41.Qb5 Qd7 42.Qe2 Qe7 43.Qd3 Ke8
44.d6 Qe6 45.Rc2 Kf8 46.Re2 Qb3 47.d7 Rd8 48.Qd6+  1-0

[Event "DJEM U18"]
[Site "Oberhof GER"]
[Date "2011.06.15"]
[Round "6.13"]
[White "Marx,J"]
[Black "Wendling,F"]
[Result "1/2-1/2"]
[WhiteElo "2035"]
[BlackElo "1966"]

1.e4 c5 2.Nf3 d6 3.Bb5+ Bd7 4.Bxd7+ Qxd7 5.c4 Nc6 6.Nc3 e6 7.d4 cxd4 8.Nxd4 Nf6
9.O-O Be7 10.b3 O-O 11.Ba3 Rfe8 12.Qd2 a6 13.Rfd1 Rad8 14.Rac1 Bf8 15.Nc2 Ne5
16.Ne3 Qc6 17.f3 Nh5 18.Ne2 Be7 19.Rf1 h6 20.Bb2 Ng6 21.g3 Nf6 22.Nd4 Qb6
23.Bc3 Qa7 24.Ba5 Rc8 25.Kg2 b6 26.Bb4 Qb7 27.Rfd1 Red8 28.Qe2 Ne5 29.Rc2 Rd7
30.Rcd2 Rcd8 31.a3 Bf8 32.Ndc2 Nc6 33.Bc3 Ne5  1/2-1/2

[Event "49th National Challengers ch-IND"]
[Site "Aurangabad IND"]
[Date "2011.06.17"]
[Round "3"]
[White "Shyam,SM"]
[Black "Deshmukh,A"]
[Result "1/2-1/2"]
[WhiteElo "2457"]
[BlackElo "2283"]

1.e4 c5 2.Nf3 d6 3.Bb5+ Nd7 4.d4 cxd4 5.Qxd4 e5 6.Qd3 Be7 7.Nc3 Nf6 8.Bg5 O-O
9.Bxd7 Qxd7 10.O-O-O Rd8 11.Bxf6 Bxf6 12.Nd5 Qa4 13.Kb1 Be6 14.b3 Qc6 15.Nd2 Bxd5
16.exd5 Qd7 17.Rhg1 g6 18.g4 Bg7 19.h4 b5 20.Ne4 a5 21.h5 a4 22.Rd2 axb3
23.cxb3 Ra3 24.h6 Bh8 25.Rc2 Rda8 26.Qf3 Kf8 27.Rgc1 R3a7 28.g5 Ke7 29.Qc3 f5
30.gxf6+ Bxf6 31.Qb4 Rd8 32.Rc6 Qf5 33.Rxd6 Rxd6 34.Qxd6+ Kf7 35.Qxf6+ Qxf6
36.Nxf6 Kxf6 37.Rc5 b4 38.Rb5 e4 39.Rxb4 Ke5 40.Rc4 g5 41.d6 Rf7 42.Kc1 Kxd6
43.Rxe4 Rxf2 44.a4 Rh2 45.Rg4 Rxh6 46.Rxg5 Rh2 47.a5 h5 48.Kb1 h4 49.Rh5 h3
50.b4 Rh1+ 51.Ka2 Kc7 52.b5 Rh2+ 53.Kb3 Rh1 54.Rh7+ Kd6 55.a6 Kc5 56.Kb2 Rg1
57.Rh8 Rg7 58.Rh5+ Kb6 59.Kc3 h2  1/2-1/2

[Event "Voronezh FIDE Open"]
[Site "Voronezh RUS"]
[Date "2011.06.17"]
[Round "6.46"]
[White "Poluektova,Anastasia"]
[Black "Fedotov,Nikita2"]
[Result "0-1"]
[WhiteElo "1542"]
[BlackElo "1793"]

1.e4 c5 2.Nf3 d6 3.Bb5+ Nd7 4.c3 Nf6 5.Qe2 a6 6.Ba4 b5 7.Bc2 Bb7 8.d4 e6
9.O-O Be7 10.Nbd2 O-O 11.dxc5 dxc5 12.c4 Qb6 13.b3 e5 14.Bb2 Bd6 15.Rad1 Rfe8
16.Rfe1 Nf8 17.Bb1 Ng6 18.Nf1 Nf4 19.Qc2 Rad8 20.Ng3 g6 21.Ne2 Bxe4 22.Qc3 b4
23.Qe3 Bxb1 24.Rxb1 Ng4 25.Qe4 f5 26.Qc2 Nxe2+ 27.Rxe2 e4 28.Rbe1 Qc6 29.h3 exf3
30.Rxe8+ Rxe8 31.Rxe8+ Qxe8 32.hxg4 Be5 33.Qd1 Qe6  0-1

[Event "3rd Gaudeamus Cup"]
[Site "Bucharest ROU"]
[Date "2011.06.18"]
[Round "3"]
[White "Raducanu,A"]
[Black "Dinu,DD"]
[Result "1/2-1/2"]
[WhiteElo "2126"]
[BlackElo "2289"]

1.e4 c5 2.Nf3 d6 3.Bb5+ Bd7 4.Qe2 Bxb5 5.Qxb5+ Qd7 6.Qxd7+ Nxd7 7.b3 Ngf6
8.Nc3 a6 9.a4 e6 10.O-O g6 11.Bb2 Bg7 12.Rfe1 O-O  1/2-1/2

[Event "e2e4 Gatwick Open"]
[Site "London ENG"]
[Date "2011.06.18"]
[Round "2"]
[White "Longson,A"]
[Black "Psaila,C"]
[Result "1/2-1/2"]
[WhiteElo "2221"]
[BlackElo "1920"]

1.e4 c5 2.Nf3 d6 3.Bb5+ Bd7 4.Bxd7+ Qxd7 5.O-O Nc6 6.c3 Nf6 7.d4 e5 8.Re1 Be7
9.Nbd2 cxd4 10.cxd4 O-O 11.a3 Rac8 12.b4 Nxd4 13.Nxd4 exd4 14.Nf3 Ne8 15.Nxd4 Bf6
16.Be3 d5 17.exd5 Qxd5 18.Nf3 Nc7 19.Rc1 Qxd1 20.Rexd1 a6 21.a4 Ne6 22.Kf1 g6
23.Ke2 Rxc1 24.Rxc1 Rd8 25.Ne1 Kf8 26.Nd3 Ke7 27.Nc5 Nxc5 28.Bxc5+ Ke6 29.Rc4 Rd5
30.f4  1/2-1/2

[Event "e2e4 Gatwick Open"]
[Site "London ENG"]
[Date "2011.06.18"]
[Round "3"]
[White "Psaila,C"]
[Black "Snape,I"]
[Result "0-1"]
[WhiteElo "1920"]
[BlackElo "2242"]

1.e4 c5 2.Nf3 d6 3.Bb5+ Nc6 4.Bxc6+ bxc6 5.O-O e5 6.c3 Bg4 7.h3 Bxf3 8.Qxf3 Nf6
9.Rd1 Be7 10.d4 cxd4 11.cxd4 exd4 12.Rxd4 Qb6 13.Rd1 O-O 14.Nc3 Rad8 15.b3 d5
16.exd5 cxd5 17.Nxd5 Nxd5 18.Rxd5 Rxd5 19.Qxd5 Rd8 20.Qf3 Qd4 21.Rb1 Qd1+
22.Qxd1 Rxd1+ 23.Kh2 Ba3 24.Bxa3 Rxb1 25.Bc5 a6 26.Kg3 Rb2 27.b4 Rxa2 28.Kf3 a5
29.bxa5 Rxa5 30.Be3 f6 31.h4 Kf7 32.g3 h5 33.Ke4 Ke6 34.Kf4 Ra4+ 35.Kf3 Kf5
36.Bb6 Ra3+ 37.Be3 Rb3 38.Kg2 Ke4 39.Bc5 g6 40.Be7 Kf5 41.Bc5 Rc3 42.Bb6 Ke4
43.Bd8 Rc6 44.Be7 Re6 45.Bc5 Kd3 46.Kf3 Re5 47.Bb6 Rf5+ 48.Kg2 Ke2 49.Bd4 Rf3
50.Bb6 f5 51.Bc5 f4 52.gxf4 Rxf4 53.Kg3 Rg4+ 54.Kh3 Kf3 55.Bb6 Rg2 56.Bc7 Rxf2
57.Bd8 Rf1 58.Kh2 Rd1 59.Bg5 Kg4 60.Kg2 Rd3  0-1

[Event "Zonal 2.4"]
[Site "Rio de Janeiro BRA"]
[Date "2011.06.18"]
[Round "1"]
[White "Ferreira,Jos"]
[Black "Brito,L"]
[Result "0-1"]
[WhiteElo "1960"]
[BlackElo "2277"]

1.e4 c5 2.Nf3 d6 3.Bb5+ Nd7 4.c3 a6 5.Ba4 b5 6.Bc2 e5 7.O-O Be7 8.d4 Qc7
9.Bg5 h6 10.Bxe7 Nxe7 11.dxe5 dxe5 12.a4 Rb8 13.Qc1 O-O 14.Nbd2 Nf6 15.Rd1 Rd8
16.axb5 axb5 17.Nf1 Rxd1 18.Qxd1 Be6 19.Ng3 b4 20.cxb4 Rxb4 21.Ra8+ Rb8 22.Qa1 Nc6
23.Rxb8+ Qxb8 24.Qa3 Qd6 25.Qd3 Nd4 26.Nd2 Qb6 27.Qc3 Nh5 28.Nxh5 Ne2+ 29.Kh1 Nxc3  0-1

[Event "Teplice Open"]
[Site "Teplice CZE"]
[Date "2011.06.18"]
[Round "8"]
[White "Vrchotka,J"]
[Black "Friml,A"]
[Result "0-1"]
[WhiteElo "2017"]
[BlackElo "2124"]

1.e4 c5 2.Nf3 d6 3.Bb5+ Bd7 4.Bxd7+ Qxd7 5.O-O Nc6 6.d4 cxd4 7.Nxd4 Nf6 8.Re1 e6
9.b3 Be7 10.Ba3 a6 11.c4 O-O 12.Nxc6 Qxc6 13.e5 Ne8 14.Nc3 Qc7 15.exd6 Bxd6
16.Bxd6 Nxd6 17.Qf3 Rac8 18.Rad1 Nf5 19.Ne4 Rfd8 20.h3 h6 21.Rxd8+ Rxd8 22.Rd1 Rxd1+
23.Qxd1 Qe5 24.Qc2 Nd4 25.Qb1 Ne2+ 26.Kf1 Nf4 27.Ng3 h5 28.Kg1 h4 29.Nf1 Qg5
30.Qe4 Nxh3+ 31.Kh2 Nxf2 32.Qxb7 Qf4+ 33.Kg1 Ne4 34.Qb6 Ng3 35.Qd8+ Kh7 36.Qd1 e5
37.Qf3 Qc1 38.Qxf7 e4 39.c5 e3 40.Qc4 Qxc4 41.bxc4 e2  0-1

[Event "Voronezh FIDE Open"]
[Site "Voronezh RUS"]
[Date "2011.06.18"]
[Round "7.3"]
[White "Lugovskoy,M"]
[Black "Volkov,Sergei1"]
[Result "1/2-1/2"]
[WhiteElo "2198"]
[BlackElo "2215"]

1.e4 c5 2.Nf3 d6 3.Bb5+ Bd7 4.Bxd7+ Qxd7 5.O-O Nc6 6.c3 Nf6 7.Re1 e6 8.d4 cxd4
9.Nxd4 Be7 10.c4 O-O 11.Nc3 Rac8 12.Bg5 a6 13.b3 h6 14.Bh4 Rfd8 15.Rc1 Nxd4
16.Qxd4 Qc7 17.a4 Qa5 18.Kh1 g5 19.Bg3 Qb4 20.Qd1 Bf8 21.f4 Bg7 22.fxg5 hxg5
23.Rf1 b5 24.Be1 Qc5 25.Bf2 Qc6 26.axb5 axb5 27.cxb5 Qb7 28.Qf3 Rd7 29.b6 d5
30.exd5 Nxd5 31.Ne4 Rxc1 32.Rxc1 Nf4 33.Nxg5 Nd3 34.Rf1 Qxf3 35.gxf3 Nxf2+
36.Rxf2 Rb7 37.Rd2 Bh6 38.Rd8+ Kg7 39.Ne4 Rxb6 40.Rd3 Bf4 41.Kg2 Ra6 42.h3 Ra2+
43.Kf1 Rb2 44.Nc5 Kg6 45.Na4  1/2-1/2

[Event "49th National Challengers ch-IND"]
[Site "Aurangabad IND"]
[Date "2011.06.19"]
[Round "6"]
[White "Girinath,P"]
[Black "Anilkumar,O"]
[Result "1-0"]
[WhiteElo "2377"]
[BlackElo "2242"]

1.e4 c5 2.Nf3 d6 3.Bb5+ Bd7 4.Bxd7+ Qxd7 5.O-O Nc6 6.c3 g6 7.d4 cxd4 8.cxd4 Bg7
9.Nc3 Nf6 10.d5 Ne5 11.Nxe5 dxe5 12.f3 O-O 13.Qa4 Rfc8 14.Be3 Bf8 15.Rac1 Qxa4
16.Nxa4 e6 17.dxe6 fxe6 18.Rfd1 b6 19.Kf2 Kf7 20.Ke2 Ke8 21.Nc3 Bc5 22.Nb5 Ke7
23.Bxc5+ Rxc5 24.Rxc5 bxc5 25.Na3 Rb8 26.Nc4 Rb4 27.b3 Nd7 28.h4 Rb8 29.Ke3 Rb5
30.Rd3 Rb8 31.g4 Rf8 32.Rd2 Rg8 33.g5 Rh8 34.Kf2 h6 35.gxh6 Rxh6 36.Kg3 Rh5
37.Na5 Nb8 38.Rc2 Na6 39.Nc6+ Kf6 40.Nxa7 g5 41.hxg5+ Rxg5+ 42.Kf2 Rh5 43.Ke3 Rh1
44.Nc6 Rd1 45.Rd2 Rc1 46.Rd8 c4 47.bxc4 Rxc4 48.Rf8+ Kg7 49.Nxe5 Ra4 50.Rf7+ Kg8
51.Ra7 Rxa2 52.Kf4 Nb4 53.Re7 Ra6 54.Kg5 Nc2 55.Kg6 Kf8 56.Kf6 Kg8 57.Rg7+ Kf8
58.Rc7  1-0

[Event "49th National Challengers ch-IND"]
[Site "Aurangabad IND"]
[Date "2011.06.19"]
[Round "6"]
[White "Stany,G"]
[Black "Singh,SV"]
[Result "1/2-1/2"]
[WhiteElo "2407"]
[BlackElo "2248"]

1.e4 c5 2.Nf3 d6 3.Bb5+ Nc6 4.O-O a6 5.Bxc6+ bxc6 6.Re1 e5 7.c3 g5 8.d4 g4
9.Nfd2 cxd4 10.cxd4 exd4 11.Nc4 c5 12.e5 dxe5 13.Bf4 Bg7 14.Bxe5 Bxe5 15.Rxe5+ Kf8
16.Nbd2 h5 17.Qa4 Bb7 18.Nb3 Rc8 19.Nxc5 Bc6 20.Qa3 Kg7 21.Rd1 Rh6 22.Qd3 Nf6
23.Ne3 dxe3 24.Qxd8 exf2+ 25.Kf1 Rxd8 26.Rxd8 g3 27.Rg5+ Kh7 28.Rxg3 Ng4
29.h3 Bb5+ 30.Nd3 Ne5 31.Kxf2 Nxd3+ 32.Rgxd3 Bxd3 33.Rxd3 Rc6 34.Rc3 Rd6
35.Ke2 Kg6 36.Rd3 Rb6 37.b3 Kg5 38.Rg3+ Kf5 39.Rf3+ Ke6 40.g3 Rc6 41.Kd2 f5
42.Rc3 Rd6+ 43.Kc2 h4 44.gxh4 Ke5 45.Re3+ Kf4 46.Rd3 Rh6 47.Kd2 Ke4 48.Re3+ Kf4
49.Rd3 Ke4 50.Re3+ Kf4  1/2-1/2

[Event "3rd Gaudeamus Cup"]
[Site "Bucharest ROU"]
[Date "2011.06.19"]
[Round "5"]
[White "Raducanu,A"]
[Black "Dragomir,N"]
[Result "1-0"]
[WhiteElo "2126"]
[BlackElo "2090"]

1.e4 c5 2.Nf3 d6 3.Bb5+ Nc6 4.c3 Qb6 5.Ba4 Bg4 6.d3 e6 7.h3 Bh5 8.Nbd2 O-O-O
9.O-O Nf6 10.Qc2 Kb8 11.a3 Rc8 12.Re1 h6 13.e5 Nxe5 14.Nxe5 dxe5 15.Nc4 Qc7
16.Nxe5 Be7 17.g4 Bg6 18.Nxg6 fxg6 19.Rxe6 Nd5 20.Bb3 Nb6 21.Qe2 Bd6 22.Bd2 g5
23.a4 a6 24.Re1 Nd7 25.Bd5 Nf6 26.Bg2 Rcd8 27.b4 h5 28.gxh5 Nxh5 29.Bxg5 Rdf8
30.Rxd6 Qxd6 31.Be7 Qf4 32.Bxf8 Rxf8 33.Qe5+ Ka8 34.Qxc5 Qh4 35.Bxb7+ Kb8
36.Qb6  1-0

[Event "TCh-CZE-SLO w Extraliga"]
[Site "Orlova CZE"]
[Date "2011.06.19"]
[Round "7"]
[White "Kulovana,E"]
[Black "Jakubiec,E"]
[Result "1/2-1/2"]
[WhiteElo "2345"]
[BlackElo "2206"]

1.e4 c5 2.Nf3 d6 3.Bb5+ Nd7 4.d4 cxd4 5.Qxd4 a6 6.Bxd7+ Bxd7 7.c4 Rc8 8.Nc3 Qc7
9.b3 Nf6 10.Bb2 e5 11.Qd3 Be7 12.Nd2 O-O 13.Nf1 b5 14.Ne3 bxc4 15.Nxc4 Bb5  1/2-1/2

[Event "Baltija Cup Open A"]
[Site "Palanga LTU"]
[Date "2011.06.19"]
[Round "1.19"]
[White "Auskalnis,Dovydas"]
[Black "Bieliauskas,M"]
[Result "0-1"]
[WhiteElo "1761"]
[BlackElo "2121"]

1.e4 c5 2.Nf3 d6 3.Bb5+ Bd7 4.Bxd7+ Qxd7 5.O-O Nf6 6.Re1 e6 7.Nc3 Nc6 8.d4 cxd4
9.Nxd4 Be7 10.Be3 O-O 11.f3 Rfd8 12.Nde2 Ne5 13.Bf2 b5 14.Ng3 b4 15.Nce2 d5
16.f4 Neg4 17.Bd4 Nxe4 18.Nc3 e5 19.Ncxe4 dxe4 20.Bf2 e3 21.Bxe3 Nxe3 22.Qxd7 Rxd7
23.Rxe3 Bc5  0-1

[Event "64th ch-RUS HL"]
[Site "Taganrog RUS"]
[Date "2011.06.19"]
[Round "5"]
[White "Zvjaginsev,V"]
[Black "Khismatullin,D"]
[Result "1/2-1/2"]
[WhiteElo "2659"]
[BlackElo "2656"]

1.e4 c5 2.Nf3 d6 3.Bb5+ Nd7 4.d4 cxd4 5.Qxd4 a6 6.Be2 Ngf6 7.c4 e6 8.Nc3 b6
9.O-O Bb7 10.Bg5 Be7 11.Rad1 Qc7 12.Bh4 O-O 13.Bg3 e5 14.Qe3 Nc5 15.Nd2 Ne6
16.Nb3 Nd7 17.Nd5 Bxd5 18.cxd5 Bg5 19.Qd3 Nf4 20.Bxf4 Bxf4 21.Bg4 Nc5 22.Qc2 Ra7
23.Nxc5 Qxc5 24.Qxc5 bxc5 25.g3 Bh6 26.Be2 g6 27.Bc4 f5 28.Rde1 a5 29.a4 Raf7
30.f3 fxe4 31.fxe4 Rxf1+ 32.Rxf1 Be3+ 33.Kg2 Bd4 34.b3 Rxf1 35.Bxf1 Kf7 36.Kf3 Ke7
37.Bc4 Kf6 38.Bf1 Ke7 39.Bc4 Kf6 40.Bf1 Ke7  1/2-1/2

[Event "Voronezh Master Open"]
[Site "Voronezh RUS"]
[Date "2011.06.20"]
[Round "8.2"]
[White "Shaposhnikov,E"]
[Black "Kokarev,Dm"]
[Result "1/2-1/2"]
[WhiteElo "2533"]
[BlackElo "2569"]

1.e4 c5 2.Nf3 d6 3.Bb5+ Bd7 4.Bxd7+ Qxd7 5.c4 Nf6 6.Nc3 g6 7.d4 cxd4 8.Nxd4 Bg7
9.O-O O-O 10.f3 Rc8 11.b3 d5 12.exd5 Nxd5 13.Nxd5 e6 14.Bh6 exd5 15.Bxg7 Kxg7
16.Nb5 dxc4 17.Nd6 Rd8 18.Nxb7 Qxd1 19.Rfxd1 Rxd1+ 20.Rxd1 cxb3 21.axb3 Nc6
22.Rd6 Rb8 23.Rxc6 Rxb7 24.Ra6 Rxb3 25.Rxa7 Rb1+ 26.Kf2 Rb2+ 27.Kg1 Rb1+
28.Kf2 Rb2+ 29.Kg1 Rb6 30.Kf2 Rb2+ 31.Kg1 Rb1+ 32.Kf2 Rb2+ 33.Kg1 Rb1+  1/2-1/2

[Event "Voronezh FIDE Open"]
[Site "Voronezh RUS"]
[Date "2011.06.20"]
[Round "9.43"]
[White "Soboleva,A"]
[Black "Degtiarev,V"]
[Result "1-0"]
[WhiteElo "1786"]
[BlackElo "1896"]

1.e4 c5 2.Nf3 d6 3.Bb5+ Bd7 4.Bxd7+ Qxd7 5.c4 Nc6 6.d4 cxd4 7.Nxd4 Nf6 8.Nc3 g6
9.Be3 Bg7 10.f3 O-O 11.O-O Rac8 12.b3 a6 13.a4 Nxd4 14.Bxd4 b5 15.axb5 axb5
16.Nxb5 Rfe8 17.Ra7 Qc6 18.Qd3 Nd7 19.Rfa1 Nc5 20.Qe3 Bxd4 21.Nxd4 Qb6 22.Nb5 Rb8
23.Kf1 Ne6 24.Qc3 Qc5 25.b4 Qg5 26.Nc7 Nxc7 27.Rxc7 f6 28.Raa7 Kf8 29.b5 Qe5
30.Qxe5 fxe5 31.Ke2 Kf7 32.Kd3 h5 33.Kc3 g5 34.Kb4 Kf6 35.c5 dxc5+ 36.Kxc5 Rbd8
37.Rd7 Ke6 38.Kc6 Rxd7 39.Rxd7 Rc8+ 40.Rc7 Rb8  1-0

[Event "Baltija Cup Open A"]
[Site "Palanga LTU"]
[Date "2011.06.21"]
[Round "5.11"]
[White "Ciornas,V"]
[Black "Bieliauskas,M"]
[Result "0-1"]
[WhiteElo "1912"]
[BlackElo "2121"]

1.e4 c5 2.Nf3 d6 3.Bb5+ Bd7 4.Bxd7+ Qxd7 5.O-O Nf6 6.Re1 e6 7.c3 Nc6 8.d4 cxd4
9.cxd4 d5 10.e5 Ne4 11.Nbd2 Nxd2 12.Bxd2 Be7 13.Rc1 O-O 14.Qb3 Rfc8 15.a3 a6
16.Qd3 h6 17.h3 Qd8 18.Nh2 Qb6 19.Bc3 Rc7 20.Rc2 Rac8 21.Ree2 Na7 22.Nf3 a5
23.Be1 a4 24.Rxc7 Qxc7 25.Kh2 Qc4 26.Qd1 Nb5 27.Ba5 Rc6 28.h4 b6 29.Be1 h5
30.Kh1 g6 31.Kh2 Bf8 32.Kh1 Bh6 33.Kh2 Qb3 34.Qa1 Rc1  0-1